| 000 | 00480nam a22001217a 4500 | ||
|---|---|---|---|
| 040 | _cRUA | ||
| 082 | _aAGR CHH 2010 C332 Or. | ||
| 100 | _aបណ្ឌិត ច័ន្ទ សារុន | ||
| 245 | _aកម្រងអត្ថបទស្រាវជ្រាវស្តីពី ការបង្កើតផលិតកម្ម និងពិពិធកម្មកសិកម្ម | ||
| 260 |
_aphnom penh _brua _c2010 |
||
| 300 |
_a364p. _bill. _c29cm. |
||
| 942 | _cRE | ||
| 999 |
_c22065 _d22065 |
||